|
|
|
|
| LEADER |
00000cam a2200000 a 4500 |
| 001 |
vtls010664781 |
| 003 |
SK-MaSNL |
| 005 |
20260302014003.0 |
| 008 |
160610s2015 xo oa b 001 0 slo |
| 015 |
|
|
|a SNBA2015/06
|
| 020 |
|
|
|a 9788056400616 (viaz.)
|
| 035 |
|
|
|a 2C3E1AFC-0D40-4210-898A-C0E580B6728F
|
| 035 |
|
|
|a urn:nbn:sk:snk-amktt4
|
| 035 |
|
|
|a urn:nbn:sk:snk-am004rhw
|
| 040 |
|
|
|a SNK
|b slo
|c SNK
|e AACR2
|
| 041 |
1 |
|
|a slo
|h eng
|
| 044 |
|
|
|a xo
|c SK
|
| 072 |
|
7 |
|a 59
|x Zoológia
|2 konspekt
|
| 072 |
|
7 |
|a 0/9-053.2
|x Literatúra pre deti a mládež (náučná)
|2 konspekt
|
| 080 |
|
|
|a (0.062)
|2 2001
|
| 080 |
|
|
|a (0.053.2)
|2 2001
|
| 080 |
|
|
|a (084.11)
|2 2001
|
| 080 |
|
|
|a 599.74
|2 2001
|
| 130 |
0 |
|
|a Big cats.
|l Slovensky
|9 658009
|
| 245 |
1 |
0 |
|a Šelmy
|b [život, súboje, lov, dvorenie, mláďatá]
|c [z anglického originálu preložila Tatiana Laliková]
|
| 250 |
|
|
|a 2. vyd.
|
| 260 |
|
|
|a Bratislava
|b Fragment
|c 2015
|
| 300 |
|
|
|a 56 s.
|b fareb. fotogr. a ilustr.
|c 26 cm
|
| 490 |
1 |
|
|a Vidím a spoznám
|
| 504 |
|
|
|a Reg. ; slovníček ; zoz. živočíchov
|
| 521 |
1 |
|
|a Pre čitateľov od 7 rokov
|
| 650 |
0 |
7 |
|a šelmy
|2 SNKPH
|9 1095
|
| 650 |
0 |
7 |
|a Predators
|2 SNKPHeng
|9 132914
|
| 655 |
|
7 |
|a populárno-náučné publikácie
|2 SNKPH
|9 70460
|
| 655 |
|
7 |
|a obrazové publikácie
|2 SNKPH
|9 70343
|
| 655 |
|
7 |
|a publikácie pre deti
|2 SNKPH
|9 70148
|
| 655 |
|
7 |
|a Popular works
|2 SNKPHeng
|9 90287
|
| 655 |
|
7 |
|a Children's literature
|2 SNKPHeng
|9 276039
|
| 655 |
|
7 |
|a Pictorial works
|2 SNKPHeng
|9 284468
|
| 700 |
1 |
|
|a Laliková, Tatiana,
|d 1954-
|4 trl
|9 102663
|
| 830 |
|
0 |
|a Vidím a spoznám
|9 338628
|
| 852 |
|
|
|a Štátna vedecká knižnica v Banskej Bystrici
|
| 919 |
|
|
|a 978-80-564-0061-6
|
| 958 |
|
|
|a OP
|
| 958 |
|
|
|a DB
|
| 968 |
|
|
|b ENG
|
| 999 |
|
|
|c 1015164
|d 1017094
|
| 952 |
|
|
|a SNK
|b SNK
|y PREZ
|7 0
|p 17A1157407
|o snkSB 88236
|i snk2015/13830
|8 0
|0 0
|1 0
|4 0
|d 2015-04-24
|f 1
|l 0
|r 2025-05-12 00:00:00
|w 2026-02-24
|
| 952 |
|
|
|a SNK
|b SNK
|y VYP
|7 0
|p 17A1157408
|o snkSB 88236 D1
|i snk2015/13831
|8 0
|0 0
|1 0
|4 0
|d 2015-04-24
|l 0
|r 2026-02-24 13:06:05
|w 2026-02-24
|